| 000 | 00747nam a22002297a 4500 | ||
|---|---|---|---|
| 999 |
_c8263 _d8263 |
||
| 003 | AR-CdUCM | ||
| 008 | 190322b ||||| |||| 00| 0 spa d | ||
| 040 |
_aMUNICIPALIDAD PROVINCIAL DEL CUSCO _cBIBLIOTECA MUNICIPAL DEL CUSCO |
||
| 082 |
_a384 / _bB25 |
||
| 100 |
_aBarthes, Roland _923252 |
||
| 245 | _aLo Verosímil / | ||
| 260 |
_aBuenos Aires : _bTiempo Contemporáneo ; _c1970. |
||
| 300 |
_a178 páginas ; _c22cm |
||
| 440 |
_aBiblioteca de Ciencias Sociales - Colección Comunicaciones _923253 |
||
| 505 | _aContenido: Comunicaciones | ||
| 650 |
_aComunicaciones _917618 |
||
| 700 |
_aBoons, Marie Claire _923254 |
||
| 700 |
_aBurgelin, Oliver _923255 |
||
| 700 |
_aGénot, Gerard _923256 |
||
| 942 |
_2ddc _cLIBROS |
||
| 945 | _anom | ||